000 01900ngm a2200241 a 4500
005 20210223125538.0
008 041124s1984 mx 117 d daspa d
035 _aUPN01000136514
049 _aAV
050 4 _aPVI PN 1272
245 0 0 _a2010 :
_bel año en que hacemos contacto /
_cdir. Peter Hyams.
260 _aEstados Unidos :
_bTurner,
_c1984.
300 _a1 videocasete (VHS) (117 min.) :
_bson., col.
500 _aSubtítulos en español
511 1 _aReparto: Roy Scheider, John Lithgow, Helen Mirren, Bob Balaban, Keir Dullea, Douglas Rain, Madolyn Smith-Osborne, Dana Elcar, Dana Elcar, Taliesin Jaffe, James McEachin, Mary Jo Deschanel, Elya Baskin
520 _aSinopsis: La nave espacial Leonov, de la URSS, llega a Júpiter para investigar la repentina actividad del gigantesco monolito negro que orbita al planeta. Tres científicos americanos acompañan a los soviéticos y les ayudan a abordar la abandonada nave Discovery y a reactivar a su computadora HAL, para averiguar qué falló en la expedición enviada por USA nueve años atrás. Pero cuando una inesperada crisis político-militar pone al mundo al borde la la III Guerra Mundial, se ordena a los expedicionarios volver a la Tierra de inmediato. Y entonces, mientras el monolito comienza a realizar extrañas acciones en Júpiter, que una misteriosa presencia se manifiesta ante los astronautas de las dos naciones enemigas, advirtiéndoles que se unan porque está por ocurrir un acontecimiento que cambiará el curso de la historia... ¡Algo maravilloso!
534 _pBasada en la novela de:
_aClarke, Arthur Charles, 1917- .
_t2010 : odisea dos
534 _pTraducción de: 2010 : the year we make contact
650 4 _aPELICULAS CINEMATOGRAFICAS DE CIENCIA-FICCION
_97405
650 4 _aESPACIO EXTERIOR -
_xEXPLORACION -
_vDRAMA
_922336
700 1 _aHyams, Peter,
_d1943- ,
_edir.
905 _aAudiovisuales
999 _c108665
_d108665